000 00788nas a2200289 4500
001 BR0101571
003 BR-BrBNA
005 20231205102148.0
007 ta
008 230509b bl.|||p| |||| 00| 00por d
040 _aBR-BrBNA
_bpor
_cBiblioteca Nacional de Agricultura
041 _a(Pt)
072 _aL70
100 1 _aSilva, L.A.F. da
100 1 _aEurides, D.
100 1 _aSantin, A.P.I.
100 1 _aFioravanti, M.C.S.
100 1 _aRosa, A.F.
100 1 _aRamos, L.S.
245 1 _aCorrecao da auto-succao mamaria em bovinos
650 _aBovino
650 _aCirurgia
650 _aLingua
773 0 _tVeterinaria Noticias (Brazil)
_xISSN 0104-3463
_g(2000), v. 6(2) p. 41-46
_wBR0101571
909 _a202311
_bLúcia
_c55
_dLúcia Elande
942 _2AGRIS
_n0
_cANA
999 _c166069
_d166069